| Tag |
First Indicator |
Second Indicator |
Subfields |
| LEADER |
00000cam a2200000 i 4500 |
| 001 |
in00000656705 |
| 005 |
20151015071513.0 |
| 008 |
800116m19799999dcu b 001 0 eng |
| 010 |
|
|
|a 79066241
|
| 019 |
|
|
|a 10543054
|
| 020 |
|
|
|a 0819108197 (v. 1)
|
| 020 |
|
|
|a 0819109975 (v. 2 : alk. paper) :
|
| 020 |
|
|
|a 0819109983 (pbk. : v. 2 : alk. paper) :
|
| 035 |
|
|
|a (OCoLC)06040697
|
| 035 |
|
|
|9 ACW8516AM
|
| 040 |
|
|
|a DLC
|c DLC
|d m.c.
|d UtOrBLW
|
| 043 |
|
|
|a n-us---
|
| 049 |
|
|
|a TXAM
|
| 050 |
0 |
0 |
|a JK516
|b .V57
|
| 082 |
0 |
0 |
|a 353.03/1
|2 19
|
| 245 |
0 |
4 |
|a The Virginia papers on the Presidency :
|b the White Burkett Miller Center forums, 1979-<1990 > /
|c edited by Kenneth W. Thompson.
|
| 264 |
|
1 |
|a Washington :
|b University Press of America,
|c [1979-]
|
| 264 |
|
4 |
|c ©1979-
|
| 300 |
|
|
|a volumes ;
|c 22 cm.
|
| 336 |
|
|
|a text
|b txt
|2 rdacontent
|
| 337 |
|
|
|a unmediated
|b n
|2 rdamedia
|
| 338 |
|
|
|a volume
|b nc
|2 rdacarrier
|
| 500 |
|
|
|a Cover title.
|
| 500 |
|
|
|a Some volumes have title page title: ... Virginia papers presented at the Miller Center forums.
|
| 500 |
|
|
|a Volumes 3-4, 11- published in Lanham, MD.
|
| 500 |
|
|
|a Volumes 23- co-published by arrangement with the White Burkett Miller Center of Public Affairs, University of Virginia.
|
| 504 |
|
|
|a Includes bibliographical references and index.
|
| 541 |
0 |
|
|a Donated by Susan Dixon Richardson and Joe C. Richardson, Jr. for the Jayne and William H. Mobley Collection in Presidential Studies.
|
| 650 |
|
0 |
|a Presidents
|z United States
|v Congresses.
|
| 700 |
1 |
|
|a Thompson, Kenneth W.,
|d 1921-2013.
|
| 710 |
2 |
|
|a White Burkett Miller Center.
|
| 740 |
0 |
|
|a Virginia papers presented at the Miller Center forums.
|
| 999 |
|
|
|a MARS
|
| 999 |
f |
f |
|s cc822966-0fd9-30bc-88e8-7adeedb70164
|i aa08e8b7-452b-3dc9-af04-e7166ceb289b
|t 0
|
| 952 |
f |
f |
|p ric
|a Texas A&M University
|b Rellis Campus
|c Joint Library Facility
|d Remote Storage
|t 0
|e JK516 .V57
|h Library of Congress classification
|i unmediated -- volume
|k v.5
|m A14814408657
|
| 952 |
f |
f |
|p ric
|a Texas A&M University
|b Rellis Campus
|c Joint Library Facility
|d Remote Storage
|t 0
|e JK516 .V57
|h Library of Congress classification
|i unmediated -- volume
|k v.15:pt.4
|m A14814737658
|
| 952 |
f |
f |
|p ric
|a Texas A&M University
|b Rellis Campus
|c Joint Library Facility
|d Remote Storage
|t 0
|e JK516 .V57
|h Library of Congress classification
|i unmediated -- volume
|k v.7:pt.3
|m A14814408607
|
| 952 |
f |
f |
|p ric
|a Texas A&M University
|b Rellis Campus
|c Joint Library Facility
|d Remote Storage
|t 0
|e JK516 .V57
|h Library of Congress classification
|i unmediated -- volume
|k v.14:pt.3
|m A14814737705
|
| 952 |
f |
f |
|p ric
|a Texas A&M University
|b Rellis Campus
|c Joint Library Facility
|d Remote Storage
|t 0
|e JK516 .V57
|h Library of Congress classification
|i unmediated -- volume
|k v.16:pt.1
|m A14814737608
|
| 952 |
f |
f |
|p ric
|a Texas A&M University
|b Rellis Campus
|c Joint Library Facility
|d Remote Storage
|t 0
|e JK516 .V57
|h Library of Congress classification
|i unmediated -- volume
|k v.11:pt.2
|m A14814738311
|
| 952 |
f |
f |
|p ric
|a Texas A&M University
|b Rellis Campus
|c Joint Library Facility
|d Remote Storage
|t 0
|e JK516 .V57
|h Library of Congress classification
|i unmediated -- volume
|k v.8:pt.4
|m A14814408550
|
| 952 |
f |
f |
|p ric
|a Texas A&M University
|b Rellis Campus
|c Joint Library Facility
|d Remote Storage
|t 0
|e JK516 .V57
|h Library of Congress classification
|i unmediated -- volume
|k v.1
|m A14803093677
|
| 952 |
f |
f |
|p ric
|a Texas A&M University
|b Rellis Campus
|c Joint Library Facility
|d Remote Storage
|t 0
|e JK516 .V57
|h Library of Congress classification
|i unmediated -- volume
|k v.13:pt.2
|m A14814737755
|
| 952 |
f |
f |
|p ric
|a Texas A&M University
|b Rellis Campus
|c Joint Library Facility
|d Remote Storage
|t 0
|e JK516 .V57
|h Library of Congress classification
|i unmediated -- volume
|k v.18:pt.3
|m A14814736717
|
| 952 |
f |
f |
|p ric
|a Texas A&M University
|b Rellis Campus
|c Joint Library Facility
|d Remote Storage
|t 0
|e JK516 .V57
|h Library of Congress classification
|i unmediated -- volume
|k v.3:pt.1
|m A14814408704
|
| 952 |
f |
f |
|p ric
|a Texas A&M University
|b Rellis Campus
|c Joint Library Facility
|d Remote Storage
|t 0
|e JK516 .V57
|h Library of Congress classification
|i unmediated -- volume
|k v.28
|m A14820100291
|
| 952 |
f |
f |
|p ric
|a Texas A&M University
|b Rellis Campus
|c Joint Library Facility
|d Remote Storage
|t 0
|e JK516 .V57
|h Library of Congress classification
|i unmediated -- volume
|k v.22:pt.2
|m A14815725183
|
| 952 |
f |
f |
|p ric
|a Texas A&M University
|b Rellis Campus
|c Joint Library Facility
|d Remote Storage
|t 0
|e JK516 .V57
|h Library of Congress classification
|i unmediated -- volume
|k v.4:pt.2
|m A14814738264
|
| 952 |
f |
f |
|p ric
|a Texas A&M University
|b Rellis Campus
|c Joint Library Facility
|d Remote Storage
|t 0
|e JK516 .V57
|h Library of Congress classification
|i unmediated -- volume
|k v.12:pt.1
|m A14814737802
|
| 952 |
f |
f |
|p ric
|a Texas A&M University
|b Rellis Campus
|c Joint Library Facility
|d Remote Storage
|t 0
|e JK516 .V57
|h Library of Congress classification
|i unmediated -- volume
|k v.23:pt.1
|m A14815725743
|
| 952 |
f |
f |
|p ric
|a Texas A&M University
|b Rellis Campus
|c Joint Library Facility
|d Remote Storage
|t 0
|e JK516 .V57
|h Library of Congress classification
|i unmediated -- volume
|k v.2:pt.2
|m A14814408754
|
| 952 |
f |
f |
|p ric
|a Texas A&M University
|b Rellis Campus
|c Joint Library Facility
|d Remote Storage
|t 0
|e JK516 .V57
|h Library of Congress classification
|i unmediated -- volume
|k v.10:pt.1
|m A14814737852
|
| 952 |
f |
f |
|p ric
|a Texas A&M University
|b Rellis Campus
|c Joint Library Facility
|d Remote Storage
|t 0
|e JK516 .V57
|h Library of Congress classification
|i unmediated -- volume
|k v.19:pt.4
|m A14814738214
|
| 952 |
f |
f |
|p ric
|a Texas A&M University
|b Rellis Campus
|c Joint Library Facility
|d Remote Storage
|t 0
|e JK516 .V57
|h Library of Congress classification
|i unmediated -- volume
|k v.6
|m A14811498988
|
| 952 |
f |
f |
|p ric
|a Texas A&M University
|b Rellis Campus
|c Joint Library Facility
|d Remote Storage
|t 0
|e JK516 .V57
|h Library of Congress classification
|i unmediated -- volume
|k v.27
|m A14815729933
|
| 952 |
f |
f |
|p ric
|a Texas A&M University
|b Rellis Campus
|c Joint Library Facility
|d Remote Storage
|t 0
|e JK516 .V57
|h Library of Congress classification
|i unmediated -- volume
|k v.20
|m A14815725777
|
| 952 |
f |
f |
|p ric
|a Texas A&M University
|b Rellis Campus
|c Joint Library Facility
|d Remote Storage
|t 0
|e JK516 .V57
|h Library of Congress classification
|i unmediated -- volume
|k v.17:pt.2
|m A14814737551
|
| 952 |
f |
f |
|p ric
|a Texas A&M University
|b Rellis Campus
|c Joint Library Facility
|d Remote Storage
|t 0
|e JK516 .V57
|h Library of Congress classification
|i unmediated -- volume
|k v.25:pt.1
|m A14815725230
|
| 952 |
f |
f |
|p ric
|a Texas A&M University
|b Rellis Campus
|c Joint Library Facility
|d Remote Storage
|t 0
|e JK516 .V57
|h Library of Congress classification
|i unmediated -- volume
|k v.26
|m A14817443818
|
| 952 |
f |
f |
|p ric
|a Texas A&M University
|b Rellis Campus
|c Joint Library Facility
|d Remote Storage
|t 0
|e JK516 .V57
|h Library of Congress classification
|i unmediated -- volume
|k v.21
|m A14815725824
|
| 952 |
f |
f |
|p ric
|a Texas A&M University
|b Rellis Campus
|c Joint Library Facility
|d Remote Storage
|t 0
|e JK516 .V57
|h Library of Congress classification
|i unmediated -- volume
|k v.9:pt.5
|m A14814737909
|
| 998 |
f |
f |
|a JK516 .V57
|s v.26-v.28
|t 0
|l Remote Storage
|